[Event "SVK-ch Seniors 50"]
[Site "Tatranske Matliare"]
[Date "2017.05.27"]
[Round "1"]
[White "Valicek, Jaroslav"]
[Black "Mikulas, Dusan"]
[Result "0-1"]
[WhiteElo "1746"]
[BlackElo "2073"]
[PlyCount "88"]
[EventDate "2017.05.27"]
[EventType "swiss"]
[EventRounds "9"]
[EventCountry "SVK"]
[SourceTitle "EXT 2023"]
[Source "ChessBase"]
[SourceDate "2022.10.05"]
[SourceVersion "1"]
[SourceVersionDate "2022.10.05"]
[SourceQuality "1"]

1. e4 c5 2. Nf3 d6 3. c3 Nf6 4. d3 Nc6 5. Bg5 e5 6. h3 h6 7. Be3 d5 8. Qc2 d4 9. Bd2 Be6 10. Be2 Be7 11. 0-0 0-0 12. Nh2 Nd7 13. f4 exf4 14. Bxf4 Qb6 15. Kh1 f5 16. Nd2 g5 17. Bg3 f4 18. Bf2 Bf6 19. Ng4 Bg7 20. Nb3 Rac8 21. Rac1 Kh7 22. Nd2 Qd8 23. Rfe1 Qe8 24. Nf3 Qg6 25. Qa4 h5 26. Ngh2 Qh6 27. cxd4 cxd4 28. Qb5 Nde5 29. Nxd4 Nxd4 30. Bxd4 Nc6 31. Bxg7 Qxg7 32. Bxh5 Nd4 33. Qa5 b6 34. Qa6 Nc2 35. Rg1 Ne3 36. Bg4 Nxg4 37. Nxg4 Bxg4 38. Rge1 Be6 39. Qa3 f3 40. Rxc8 Bxc8 41. Rg1 f2 42. Rf1 g4 43. Qc3 Qxc3 44. bxc3 g3 0-1

[Event "Zilina Region-ch"]
[Site "Zilina"]
[Date "2013.05.19"]
[Round "6"]
[White "Masarik, Roman"]
[Black "Valicek, Jaroslav"]
[Result "1-0"]
[WhiteElo "1861"]
[BlackElo "1785"]
[PlyCount "89"]
[EventDate "2013.05.17"]
[EventType "swiss"]
[EventRounds "6"]
[EventCountry "SVK"]
[SourceTitle "CBM 154 Extra"]
[Source "ChessBase"]
[SourceDate "2013.06.25"]
[SourceVersion "2"]
[SourceVersionDate "2013.06.25"]
[SourceQuality "1"]

1. d4 d5 2. c4 c6 3. e3 Bf5 4. Nc3 e6 5. a3 Nd7 6. h3 Ne7 7. Nf3 h6 8. Qb3 Qc7 9. g4 Bh7 10. Bd2 b6 11. Bg2 Rb8 12. Rc1 Nf6 13. Ne5 Qd6 14. f4 Ne4 15. Nxe4 Bxe4 16. 0-0 Bxg2 17. Kxg2 f6 18. Nf3 Kf7 19. cxd5 Nxd5 20. Ne5+ Kg8 21. Rxc6 Qe7 22. Nf3 Qd7 23. Rfc1 Bd6 24. f5 Kf7 25. Nh4 Rhc8 26. Rxc8 Rxc8 27. Rxc8 Qxc8 28. e4 Ne7 29. Qxe6+ Qxe6 30. fxe6+ Kxe6 31. Nf5 Nxf5 32. gxf5+ Kf7 33. Kf3 h5 34. Bf4 Be7 35. e5 g5 36. e6+ Ke8 37. Bb8 a6 38. Ke4 b5 39. Kd5 b4 40. a4 Kd8 41. Kc6 Kc8 42. Bh2 a5 43. b3 g4 44. hxg4 hxg4 45. d5 1-0

[Event "Zilina Region-ch"]
[Site "Zilina"]
[Date "2013.05.18"]
[Round "2"]
[White "Tatransky, Viliam"]
[Black "Valicek, Jaroslav"]
[Result "0-1"]
[WhiteElo "1432"]
[BlackElo "1785"]
[PlyCount "50"]
[EventDate "2013.05.17"]
[EventType "swiss"]
[EventRounds "6"]
[EventCountry "SVK"]
[SourceTitle "CBM 154 Extra"]
[Source "ChessBase"]
[SourceDate "2013.06.25"]
[SourceVersion "2"]
[SourceVersionDate "2013.06.25"]
[SourceQuality "1"]

1. e4 e5 2. Nf3 Nc6 3. d4 exd4 4. Bc4 d6 5. 0-0 Ne5 6. Nxe5 dxe5 7. c3 Nf6 8. Bg5 Be7 9. Qb3 0-0 10. cxd4 exd4 11. Nd2 c5 12. e5 Ng4 13. Bxe7 Qxe7 14. f4 Ne3 15. Rf3 Nxc4 16. Nxc4 Be6 17. Qc2 Bxc4 18. Qxc4 a6 19. Raf1 b5 20. Qd3 Rad8 21. Rh3 g6 22. Rh6 Kg7 23. Qh3 Rh8 24. Rf3 d3 25. Rxd3 Rxd3 0-1

[Event "Zilina Region-ch"]
[Site "Zilina"]
[Date "2013.05.17"]
[Round "1"]
[White "Valicek, Jaroslav"]
[Black "Kerak, Jozef"]
[Result "1/2-1/2"]
[WhiteElo "1785"]
[BlackElo "1686"]
[PlyCount "47"]
[EventDate "2013.05.17"]
[EventType "swiss"]
[EventRounds "6"]
[EventCountry "SVK"]
[SourceTitle "CBM 154 Extra"]
[Source "ChessBase"]
[SourceDate "2013.06.25"]
[SourceVersion "2"]
[SourceVersionDate "2013.06.25"]
[SourceQuality "1"]

1. e4 e5 2. Nf3 Nc6 3. Bc4 d6 4. d4 exd4 5. Nxd4 Nxd4 6. Qxd4 Nf6 7. Bg5 Be7 8. Nd2 0-0 9. 0-0 Ng4 10. Bxe7 Qxe7 11. f4 Be6 12. Rae1 Bxc4 13. Nxc4 Qh4 14. h3 Nf6 15. Ne3 Rfe8 16. Nf5 Qh5 17. Ng3 Qg6 18. Rf3 Nh5 19. Nf5 Qf6 20. Qd1 g6 21. Nd4 Qh4 22. Qd2 Re7 23. g4 Nf6 24. Rfe3 1/2-1/2

[Event "Zilina Region-ch"]
[Site "Zilina"]
[Date "2011.05.07"]
[Round "2"]
[White "Rusnak, Michal"]
[Black "Valicek, Jaroslav"]
[Result "1-0"]
[WhiteElo "1927"]
[BlackElo "1865"]
[PlyCount "101"]
[EventDate "2011.05.06"]
[EventType "swiss"]
[EventRounds "7"]
[EventCountry "SVK"]
[SourceTitle "EXT 2012"]
[Source "ChessBase"]
[SourceDate "2011.11.24"]
[SourceVersion "1"]
[SourceVersionDate "2011.11.24"]
[SourceQuality "1"]

1. e4 e5 2. Nc3 Nc6 3. Bc4 Bc5 4. Qg4 g6 5. Qf3 Nf6 6. Nge2 0-0 7. a3 Be7 8. d3 d6 9. h3 Kg7 10. Qe3 Ng8 11. g4 Bh4 12. Bd2 h6 13. 0-0-0 a6 14. f4 exf4 15. Nxf4 Ne5 16. Bb3 c6 17. d4 Nd7 18. Rhf1 Qe7 19. Nce2 b5 20. Qc3 Kh7 21. Qxc6 Rb8 22. Bb4 Rb6 23. Qc3 Qxe4 24. Bd5 Qe8 25. Ba5 Rb8 26. Bc7 b4 27. axb4 Rb5 28. Bc6 Rg5 29. Bxd6 Ne7 30. Ba4 Rg8 31. Qd3 Nd5 32. Ng2 Qe6 33. Nxh4 Qxd6 34. Rxf7+ Rg7 35. Rxg7+ Kxg7 36. Nf3 Nxb4 37. Qa3 Rd5 38. c3 Qe7 39. cxb4 Qxe2 40. Bxd7 Bxd7 41. Re1 Qb5 42. Qc3 Qa4 43. Ne5 Qb5 44. Nxd7 Qxd7 45. Rd1 Rd6 46. d5+ Kh7 47. Qe5 Qd8 48. Rf1 Qd7 49. Rf8 g5 50. Qh8+ Kg6 51. Rg8+ 1-0

[Event "Zilina Region-ch"]
[Site "Zilina"]
[Date "2011.05.06"]
[Round "1"]
[White "Valicek, Jaroslav"]
[Black "Kovalik, Julius"]
[Result "0-1"]
[WhiteElo "1865"]
[BlackElo "2010"]
[PlyCount "60"]
[EventDate "2011.05.06"]
[EventType "swiss"]
[EventRounds "7"]
[EventCountry "SVK"]
[SourceTitle "EXT 2012"]
[Source "ChessBase"]
[SourceDate "2011.11.24"]
[SourceVersion "1"]
[SourceVersionDate "2011.11.24"]
[SourceQuality "1"]

1. e4 c5 2. Nf3 Nc6 3. Bc4 e6 4. c3 d5 5. exd5 exd5 6. Bb3 Bg4 7. 0-0 Nf6 8. Re1+ Be7 9. d3 0-0 10. Bg5 h6 11. Bh4 d4 12. Nbd2 b5 13. Qc2 Bf5 14. Ne5 Na5 15. Qd1 dxc3 16. bxc3 Bd6 17. Ndf3 Nxb3 18. Qxb3 a6 19. Re2 Be6 20. Qc2 Bd5 21. Rae1 Bxe5 22. Nxe5 Qd6 23. Qd2 Bb7 24. Re3 Rfe8 25. Ng4 Nxg4 26. Rxe8+ Rxe8 27. Rxe8+ Kh7 28. Bg3 Qc6 29. Re4 f5 30. h3 Nf6 0-1